Statistics for Life Span of Animals - Multiple Choice

Click here to take the quiz!

General Stats

  • This quiz has been taken 82 times
  • The average score is 6 of 15

Answer Stats

Question Answer % Correct
Bald Eagle28 years
67%
Domestic Cattle20 years
63%
African Elephant60 - 70 years
57%
Giraffe25 years
54%
Polar Bear30 years
52%
Gorilla35 - 50 years
49%
Komodo Dragon30 - 50 years
44%
Blue Whale90 years
40%
Peacock15 - 20 years
33%
Lion12 - 16 years
30%
American Alligator50 years
30%
Great White Shark70 years
22%
Hippopotamus40 - 50 years
19%
Ostrich40 years
16%
Green Turtle80 years
11%

Score Distribution

Percentile by Number Answered

Percent of People with Each Score

Your Score History

You have not taken this quiz